000 00783nam a22002297a 4500
003 OSt
005 20230830094632.0
008 221006b |||||||| |||| 00| 0 eng d
040 _cBiblioteca Lado V
082 _a779
_bH344m
100 _9908
_aHasbun, Muriel
_eautora
245 _aMuriel Hasbun Photographs/
260 _bCorcoran Gallery of Art
_c2004
_aWhashington
300 _c16x20cm
_a20p.
366 _espa
650 _2Tesauro de Arte & Arquitectura
_aARTE
_9703
650 _2Tesauro de Arte & Arquitectura
_aFOTOGRAFIA
_9702
650 _2Tesauro de Arte & Arquitectura
_aEXPOSICION
_9702
650 _2Tesauro de Arte & Arquitectura
_aFIGURAS HUMANAS
651 _2Tesauro de Arte & Arquitectura
_aEL SALVADOR
942 _2ddc
_c1
_h779
_iH344m
_n0
999 _c4232
_d4232